Compliance e gestão de riscos nas empresas estatais / (Record no. 616)

MARC details
000 -LÍDER
Campo Fixo de Controle 00918nam a2200277 a 4500
001 - NÚMERO DE CONTROLE
Campo de Controle 616
003 - IDENTIFICAÇÃO DO NÚMERO DE CONTROLE
Campo de Controle BR-CuiBMT
005 - DATA E HORA DA ÚLTIMA ATUALIZAÇÃO
Campo de Controle 20231110205737.0
008 - DADOS FIXOS
Dados Fixos 231110b2019 mgba 000 0 por d
020 ## - INTERNATIONAL STANDARD BOOK NUMBER
Nº do ISBN 9788545006428
040 ## - AGÊNCIA CATALOGADORA
Código da Agência Catalogadora BR-CuiBMT
Agência que transcreveu o registro BR-CuiBMT
080 ## - Nº DA CLASSIFICAÇÃO DECIMAL UNIVERSAL
Nº edição CDU 2007
Nº Class. CDU 35.077.1
Subd. Auxiliar Comum -048.47
090 ## - NÚMERO DE CHAMADA
Nº classificação 35.077.1-048.47
Cutter C355c
Ano/Edição 2. ed.
100 1# - ENTRADA PRINCIPAL -- AUTOR PESSOAL
Nome pessoal Castro, Rodrigo Pironti Aguirre de,
Datas associadas ao nome 1981-
245 ## - TÍTULO PRINCIPAL
Título principal Compliance e gestão de riscos nas empresas estatais /
Indicação de responsabilidade Rodrigo Pironti Aguirre de Castro, Francine Silva Pacheco Gonçalves ; prefácio, Benjamin Zymler.
250 ## - EDIÇÃO
Edição 2. ed.
260 ## - PUBLICAÇÃO, DISTRIBUIÇÃO, ETC.
Local de publicação Belo Horizonte :
Editora Fórum,
Data 2019.
300 ## - DESCRIÇÃO FÍSICA
N. páginas ou volumes 169 p.:
Ilustrações il.
Dimensões 21 cm
504 ## - NOTA DE BIBLIOGRAFIA, ETC.
Nota de bibliografia Inclui bibliografia.
650 ## - ASSUNTO TÓPICO
Cabeçalho tópico ou nome geográfico Direito público
650 ## - ASSUNTO TÓPICO
Cabeçalho tópico ou nome geográfico Administração pública
650 ## - ASSUNTO TÓPICO
Cabeçalho tópico ou nome geográfico Administração de risco
650 ## - ASSUNTO TÓPICO
Cabeçalho tópico ou nome geográfico Compliance
700 ## - ENTRADA SECUNDÁRIA -- NOME PESSOAL
Nome pessoal Gonçalves, Francine Silva Pacheco
942 ## - ELEMENTOS DE ENTRADA ADICIONAIS (KOHA)
Fonte de classificação ou esquema de arquivamento Classificação Decimal Universal
Tipo de item do Koha Livros
Holdings
Estado: removido Estado: perdido Fonte de classificação ou esquema de arquivamento Estado: danificado Indisponível para empréstimo Localização permanente Localização atual Data de aquisição Total Checkouts Número de Chamada completo Código de barras Date last seen Número do exemplar Preço efetivo a partir de Tipo de item (Koha)
    Classificação Decimal Universal     Biblioteca da Escola Superior de Contas do TCE/MT Biblioteca da Escola Superior de Contas do TCE/MT 31/07/2019   35.077.1-048.47 C355c BIBTCEMT23110436 10/11/2023 Ex. 1 10/11/2023 Livros
    Classificação Decimal Universal     Biblioteca da Escola Superior de Contas do TCE/MT Biblioteca da Escola Superior de Contas do TCE/MT 22/11/2023   35.077.1-048.47 C355c BIBTCEMT23110827 22/11/2023 Ex. 2 22/11/2023 Livros

Powered by Koha